000 00425 a2200157 4500
003 Nust
005 20170207164335.0
020 _a978-0-7506-7759-2
040 _cNust
082 _a621.382
245 _aDSP Software Development Techniques for Embedded and Real-Time Systems (E BOOK)
_cRobert Oshana
260 _aAMSTERDAM
_bElsevier
_c2006
300 _a602P
538 _aE Book
650 _aDSP Software Development Techniques
942 _2ddc
_cBK
999 _c208679
_d208679